LEADER 01997nam a2200373 u 4500 001 000000075852 003 CaOOAMICUS 005 20070226123139.0 008 031023s2003 fr u000 u fre u 020 $a2-7116-1601-0 035 $a10974001 040 $aPUL$bita$dEFR 041 0 $afre$aeng$alat 245 04$aLes méthodes de travail de Gersonide et le maniement du savoir chez les scolastiques /$cédité par Colette Sirat, Sara Klein-Braslavy et Olga Weijers ; avec la collaboration de Philippe Bobichon. 260 $aParis :$bJ. Vrin,$c2003. 300 $a394 p. ;$c24 cm 490 1 $aEtudes de philosophie médiévale, ;$v86 500 $aTravaux d'un séminaire tenu à l'Ecole Pratique des Hautes Etudes, du 18 janvier au 15 février 1999. - Articles en français ou anglais. Extraits des textes de Gersonide en latin 504 $aBibliogr. p. [357]-376. Index. 600 00$aLevi ben Gerson,$d1288-1344$xCongresses.$2//eng$0(OLS)http://pul/subject/26461 650 0$aScholasticism$xCongresses.$2//eng$0(OLS)http://pul/subject/26462 650 0$aReligious disputations$xCongresses.$2//eng$0(OLS)http://pul/subject/26463 650 4$aFilosofia medievale.$0(OLS)http://pul/subject/139 700 1 $aSirat, Colette.$0(OLS)http://pul/name/23448 700 1 $aWeijers, Olga.$0(OLS)http://pul/name/50455 700 1 $aKlein-Braslavy, Sara.$0(OLS)http://pul/name/50454 830 0$aEtudes de philosophie médiévale,$x0249-7921 ;$v86.$0(OLS)http://pul/title/1367 850 $aPUL 852 $aPUL$W1$xSL Filosofia 2$y80$mPhil A4 86$j97513$nBK-PRI$b $qStampati altre collocazioni$B97513$CPULBib$Z2$F97513 $H92683 $81 941 1 $a10 960 $aFilosofia medioevale$9139 996 $6020$a2-7116-1601-0$9(OLS)http://pul/number/99230 996 $6245$aLes méthodes de travail de Gersonide et le maniement du savoir chez les scolastiques$9(OLS)http://pul/title/99502 996 $6260$aParis :$bJ. Vrin$9(OLS)http://pul/publisher/48393 LEADER 01418nam a2200301 a 4500 001 000000148349 003 CaOOAMICUS 005 20160107140937.0 008 160107s1947 sp a u000 u spa r 032 $aLibriCat 040 $aPUL$bita 100 1 $aCastán Lacoma, Laureano,$cvesc. tit. di Dalisandus in Isauria,$d1912-$0(OLS)http://pul/name/59865 245 10$aDestellos sacerdotales : $bvida del beato maestro Juan de Avila patrono del clero secular español /$cLaureano Castan Lacoma. 260 $aZaragoza :$bTalleres editoriales "El noticiero",$c1947. 300 $a503 p. :$bill. ;$c21 cm. 490 1 $aBiblioteca Maestro Avila ;$v02 504 $aBibliografia in nota. 600 04$aIohannes de Avila,$cs.,$d1500-1569.$0(OLS)http://pul/subject/13516 830 0$aBiblioteca Maestro Avila ;$v02.$0(OLS)http://pul/title/187161 850 $aPUL 852 $aPUL$W1$xDP1 Religione 1$y20$m642 G 45$j171044$qStampati$B172192$CPULBib$Z2$F172192 $81 941 1 $a8 960 $aIoannes de Avila,$cs.$d1500-1569$913516 960 $aGiovanni d'Avila,$cs.,$d1500-1569$913516 960 $aJuan de Avila,$cs.,$d1500-1569$913516 996 $6245$aDestellos sacerdotales : $bvida del beato maestro Juan de Avila patrono del clero secular español$9(OLS)http://pul/title/187160 996 $6260$aZaragoza :$bTalleres editoriales "El noticiero"$9(OLS)http://pul/publisher/84345